| 000 | 00989nam a2200277 a 4500 | ||
|---|---|---|---|
| 003 | DO-SdBNP | ||
| 005 | 20240305133317.0 | ||
| 007 | ta | ||
| 008 | 220825e2021 dr a|||er|||| 001 jdspa d | ||
| 020 | _a9798411847093 | ||
| 040 |
_aDO-SdBNP _bspa _cBNPHU |
||
| 082 | 4 |
_222 _bR173h |
|
| 245 | 1 | 0 |
_aHijos de la pesadilla. / _cSauris Ramírez; Ilustraciones, Sadiel y Sadith Ramírez; Prólogo, Luesmil Castor Paniagua. |
| 260 |
_aSanto Domingo : _bSantuario, _c2022 |
||
| 300 |
_a196 p. : _bil. ; _c23 cm. |
||
| 500 | _aIncluye datos biográficos del autor en las solapas de las cubiertas. | ||
| 590 | _aInventariado 2022 / MF | ||
| 650 | 0 |
_978504 _aLiteratura _xCuentos _zRepública Dominicana |
|
| 650 | 4 |
_97308 _aCuentos dominicanos |
|
| 650 | 4 |
_972506 _aCuentos Fantásticos _xRepública Dominicana |
|
| 700 | 1 |
_aCastor Paniagua, Luesmil, _d1961- _978157 |
|
| 700 | 1 |
_aRamírez, Sadiel, _eil. _982255 |
|
| 700 | 1 |
_aRamírez, Sadith _eil. _982256 |
|
| 910 | _aMFeliz | ||
| 942 |
_2ddc _cLBS1 |
||
| 999 |
_c52326 _d52326 |
||